[Event "Masters"]
[Site "Heerlen and Maastricht, NL"]
[Date "2025.06.07"]
[Round "5"]
[White "Schoppen, Casper"]
[Black "Braun, Christian"]
[Result "1-0"]
[Board "1"]
[WhiteFideId "1046730"]
[BlackFideId "4692098"]
[WhiteTitle "GM"]
[BlackTitle "IM"]
[WhiteElo "2535"]
[BlackElo "2390"]
[WhiteTeam "NED"]
[BlackTeam "GER"]
[WhiteClock "0:08:26"]
[BlackClock "0:09:09"]
[Variant "Standard"]

1. e4 {[%clk 1:21:11]}  e6 {[%clk 1:10:15]} 2. d4 {[%clk 1:21:13]}  d5 {[%clk 1:10:30]} 3. e5 {[%clk 1:21:37]}  c5 {[%clk 1:10:54]} 4. c3 {[%clk 1:22:04]}  Qb6 {[%clk 1:11:07]} 5. Nf3 {[%clk 1:22:25]}  Bd7 {[%clk 1:11:32]} 6. Be2 {[%clk 1:22:18]}  cxd4 {[%clk 1:11:35]} 7. cxd4 {[%clk 1:18:56]}  Bb5 {[%clk 1:11:26]} 8. Nc3 {[%clk 1:17:36]}  Bxe2 {[%clk 1:09:27]} 9. Nxe2 {[%clk 1:17:49]}  Bb4+ {[%clk 1:07:56]} 10. Kf1 {[%clk 1:17:29]}  Nc6 {[%clk 1:08:03]} 11. h4 {[%clk 1:16:08]}  O-O-O {[%clk 1:05:59]} 12. Rh3 {[%clk 1:11:41]}  Kb8 {[%clk 1:04:23]} 13. h5 {[%clk 1:05:40]}  h6 {[%clk 1:02:49]} 14. Kg1 {[%clk 0:59:28]}  Bf8 {[%clk 0:58:42]} 15. Nh4 {[%clk 0:54:42]}  Be7 {[%clk 0:52:18]} 16. Rb3 {[%clk 0:51:47]}  Qa6 {[%clk 0:47:02]} 17. Nf3 {[%clk 0:52:00]}  Rc8 {[%clk 0:46:14]} 18. Bd2 {[%clk 0:50:01]}  Na5 {[%clk 0:33:56]} 19. Bxa5 {[%clk 0:42:54]}  Qxa5 {[%clk 0:34:21]} 20. Ne1 {[%clk 0:42:55]}  Bg5 {[%clk 0:31:17]} 21. Rg3 {[%clk 0:36:28]}  Ne7 {[%clk 0:31:05]} 22. f4 {[%clk 0:34:46]}  Bh4 {[%clk 0:28:23]} 23. Rxg7 {[%clk 0:30:21]}  Rcf8 {[%clk 0:26:06]} 24. Nc2 {[%clk 0:25:35]}  Nf5 {[%clk 0:24:33]} 25. Rg4 {[%clk 0:26:00]}  Rc8 {[%clk 0:24:57]} 26. Rxh4 {[%clk 0:20:31]}  Nxh4 {[%clk 0:25:17]} 27. Ne3 {[%clk 0:20:57]}  Rhg8 {[%clk 0:23:50]} 28. Kf2 {[%clk 0:20:54]}  Qb5 {[%clk 0:22:55]} 29. Qb3 {[%clk 0:18:06]}  Qd7 {[%clk 0:19:16]} 30. g4 {[%clk 0:14:21]}  f6 {[%clk 0:18:40]} 31. exf6 {[%clk 0:08:59]}  Qf7 {[%clk 0:14:58]} 32. Qb4 {[%clk 0:09:06]}  Qxf6 {[%clk 0:09:15]} 33. Qd6+ {[%clk 0:09:28]}  Ka8 {[%clk 0:09:41]} 34. Nxd5 {[%clk 0:09:21]}  Qf7 {[%clk 0:09:11]} 35. Qe7 {[%clk 0:08:00]}  Rgf8 {[%clk 0:08:43]} 36. Qxf7 {[%clk 0:08:20]}  Rxf7 {[%clk 0:09:09]} 37. Ne3 {[%clk 0:08:26]} 1-0

[Event "Masters"]
[Site "Heerlen and Maastricht, NL"]
[Date "2025.06.07"]
[Round "5"]
[White "Beukema, Stefan"]
[Black "De Winter, Arthur"]
[Result "1-0"]
[Board "2"]
[WhiteFideId "1024523"]
[BlackFideId "1069020"]
[WhiteTitle "IM"]
[BlackTitle "IM"]
[WhiteElo "2423"]
[BlackElo "2460"]
[WhiteTeam "BEL"]
[BlackTeam "NED"]
[WhiteClock "0:02:14"]
[BlackClock "0:17:10"]
[Variant "Standard"]

1. e4 {[%clk 1:30:52]}  c5 {[%clk 1:27:03]} 2. Nf3 {[%clk 1:31:06]}  d6 {[%clk 1:27:18]} 3. d4 {[%clk 1:31:30]}  cxd4 {[%clk 1:27:42]} 4. Nxd4 {[%clk 1:31:58]}  Nf6 {[%clk 1:28:08]} 5. Nc3 {[%clk 1:32:18]}  Nc6 {[%clk 1:28:34]} 6. Bg5 {[%clk 1:31:46]}  e6 {[%clk 1:28:58]} 7. Qd2 {[%clk 1:31:03]}  a6 {[%clk 1:29:16]} 8. O-O-O {[%clk 1:31:07]}  Be7 {[%clk 1:28:08]} 9. f4 {[%clk 1:30:46]}  Bd7 {[%clk 1:28:32]} 10. Nf3 {[%clk 1:22:55]}  b5 {[%clk 1:28:58]} 11. Bd3 {[%clk 1:13:50]}  b4 {[%clk 1:22:50]} 12. Ne2 {[%clk 1:12:56]}  h6 {[%clk 1:11:15]} 13. Bh4 {[%clk 1:08:05]}  O-O {[%clk 1:02:16]} 14. g4 {[%clk 1:04:07]}  Nxg4 {[%clk 0:58:13]} 15. Rhg1 {[%clk 0:59:09]}  Bxh4 {[%clk 0:52:10]} 16. Rxg4 {[%clk 0:58:05]}  Bf6 {[%clk 0:52:13]} 17. e5 {[%clk 0:39:51]}  dxe5 {[%clk 0:51:36]} 18. fxe5 {[%clk 0:32:33]}  Nxe5 {[%clk 0:51:40]} 19. Qxh6 {[%clk 0:32:39]}  Nxd3+ {[%clk 0:46:39]} 20. Rxd3 {[%clk 0:23:29]}  e5 {[%clk 0:42:34]} 21. Rg1 {[%clk 0:18:22]}  g6 {[%clk 0:23:52]} 22. Ng5 {[%clk 0:18:11]}  Bxg5+ {[%clk 0:24:14]} 23. Rxg5 {[%clk 0:18:36]}  Qf6 {[%clk 0:23:05]} 24. Rxd7 {[%clk 0:18:13]}  Rfd8 {[%clk 0:23:29]} 25. Rxd8+ {[%clk 0:18:25]}  Rxd8 {[%clk 0:23:53]} 26. Rg1 {[%clk 0:18:35]}  Qf2 {[%clk 0:23:37]} 27. Qg5 {[%clk 0:15:08]}  Rd5 {[%clk 0:19:52]} 28. Rd1 {[%clk 0:11:23]}  Rxd1+ {[%clk 0:19:39]} 29. Kxd1 {[%clk 0:11:49]}  Qxh2 {[%clk 0:20:03]} 30. Kd2 {[%clk 0:10:56]}  Kg7 {[%clk 0:20:20]} 31. c4 {[%clk 0:07:18]}  bxc3+ {[%clk 0:20:42]} 32. bxc3 {[%clk 0:07:45]}  f6 {[%clk 0:18:36]} 33. Qe3 {[%clk 0:08:09]}  Qh1 {[%clk 0:18:31]} 34. c4 {[%clk 0:03:09]}  g5 {[%clk 0:17:39]} 35. Qa7+ {[%clk 0:01:29]}  Kg6 {[%clk 0:17:35]} 36. Qxa6 {[%clk 0:01:51]}  Qb1 {[%clk 0:17:25]} 37. Qa3 {[%clk 0:00:57]}  e4 {[%clk 0:17:08]} 38. c5 {[%clk 0:01:07]}  f5 {[%clk 0:16:43]} 39. Qb3 {[%clk 0:01:09]}  Qa1 {[%clk 0:16:00]} 40. c6 {[%clk 0:00:47]}  Qe5 {[%clk 0:15:18]} 41. Qc3 {[%clk 0:00:42]}  Qd5+ {[%clk 0:15:39]} 42. Kc1 {[%clk 0:00:42]}  Qxa2 {[%clk 0:15:57]} 43. c7 {[%clk 0:01:07]}  Qxe2 {[%clk 0:16:24]} 44. c8=Q {[%clk 0:01:33]}  Qf1+ {[%clk 0:16:52]} 45. Kb2 {[%clk 0:01:49]}  Qb5+ {[%clk 0:17:10]} 46. Ka3 {[%clk 0:02:14]} 1-0

[Event "Masters"]
[Site "Heerlen and Maastricht, NL"]
[Date "2025.06.07"]
[Round "5"]
[White "Grutter, Tim"]
[Black "De Boer, Eelke"]
[Result "1/2-1/2"]
[Board "3"]
[WhiteFideId "1057472"]
[BlackFideId "1048120"]
[WhiteTitle "IM"]
[BlackTitle "IM"]
[WhiteElo "2404"]
[BlackElo "2409"]
[WhiteTeam "NED"]
[BlackTeam "NED"]
[WhiteClock "1:15:53"]
[BlackClock "1:25:50"]
[Variant "Standard"]

1. e4 {[%clk 1:30:51]}  e5 {[%clk 1:25:51]} 2. Nf3 {[%clk 1:31:09]}  Nc6 {[%clk 1:26:13]} 3. Bb5 {[%clk 1:31:09]}  Nf6 {[%clk 1:26:34]} 4. O-O {[%clk 1:30:06]}  Nxe4 {[%clk 1:26:50]} 5. Re1 {[%clk 1:29:49]}  Nd6 {[%clk 1:27:08]} 6. Nxe5 {[%clk 1:29:22]}  Be7 {[%clk 1:27:10]} 7. Bf1 {[%clk 1:29:01]}  Nxe5 {[%clk 1:27:26]} 8. Rxe5 {[%clk 1:29:25]}  O-O {[%clk 1:27:47]} 9. d4 {[%clk 1:29:07]}  Bf6 {[%clk 1:25:46]} 10. Re1 {[%clk 1:28:04]}  Re8 {[%clk 1:26:08]} 11. Bf4 {[%clk 1:27:12]}  Rxe1 {[%clk 1:25:49]} 12. Qxe1 {[%clk 1:27:38]}  Ne8 {[%clk 1:26:10]} 13. c3 {[%clk 1:15:53]}  d5 {[%clk 1:25:50]} 1/2-1/2

[Event "Masters"]
[Site "Heerlen and Maastricht, NL"]
[Date "2025.06.07"]
[Round "5"]
[White "Zelbel, Patrick"]
[Black "Vrolijk, Liam"]
[Result "0-1"]
[Board "4"]
[WhiteFideId "24624322"]
[BlackFideId "1048333"]
[WhiteTitle "IM"]
[BlackTitle "GM"]
[WhiteElo "2488"]
[BlackElo "2509"]
[WhiteTeam "GER"]
[BlackTeam "NED"]
[WhiteClock "0:08:08"]
[BlackClock "0:14:32"]
[Variant "Standard"]

1. e4 {[%clk 1:30:41]}  c5 {[%clk 1:24:42]} 2. Nf3 {[%clk 1:30:13]}  d6 {[%clk 1:24:58]} 3. Bb5+ {[%clk 1:30:25]}  Bd7 {[%clk 1:24:46]} 4. Bxd7+ {[%clk 1:30:44]}  Nxd7 {[%clk 1:25:06]} 5. c4 {[%clk 1:29:15]}  Ne5 {[%clk 1:24:51]} 6. Nxe5 {[%clk 1:23:38]}  dxe5 {[%clk 1:25:13]} 7. d3 {[%clk 1:23:49]}  e6 {[%clk 1:21:14]} 8. O-O {[%clk 1:21:28]}  Ne7 {[%clk 1:13:30]} 9. Nc3 {[%clk 1:12:10]}  Nc6 {[%clk 1:09:26]} 10. f4 {[%clk 1:06:18]}  exf4 {[%clk 1:04:13]} 11. Bxf4 {[%clk 1:06:40]}  Bd6 {[%clk 1:03:10]} 12. Qh5 {[%clk 0:59:22]}  Bxf4 {[%clk 0:52:27]} 13. Rxf4 {[%clk 0:59:44]}  Qd4+ {[%clk 0:52:42]} 14. Kh1 {[%clk 0:59:07]}  O-O {[%clk 0:48:36]} 15. Raf1 {[%clk 0:55:15]}  Qe5 {[%clk 0:42:01]} 16. Qh3 {[%clk 0:53:22]}  Rad8 {[%clk 0:41:55]} 17. Rh4 {[%clk 0:46:16]}  h6 {[%clk 0:42:16]} 18. Rf3 {[%clk 0:29:43]}  Qg5 {[%clk 0:37:32]} 19. Re3 {[%clk 0:23:21]}  Ne5 {[%clk 0:36:41]} 20. Rh5 {[%clk 0:15:38]}  Qf4 {[%clk 0:27:49]} 21. Kg1 {[%clk 0:13:04]}  Nxd3 {[%clk 0:26:48]} 22. Rxd3 {[%clk 0:12:27]}  Qc1+ {[%clk 0:23:31]} 23. Nd1 {[%clk 0:12:56]}  f5 {[%clk 0:17:34]} 24. Qf3 {[%clk 0:10:56]}  fxe4 {[%clk 0:13:48]} 25. Qxe4 {[%clk 0:07:41]}  Qxd1+ {[%clk 0:14:10]} 26. Rxd1 {[%clk 0:08:08]}  Rxd1+ {[%clk 0:14:32]} 0-1

[Event "Masters"]
[Site "Heerlen and Maastricht, NL"]
[Date "2025.06.07"]
[Round "5"]
[White "Van Meegen, Ruud"]
[Black "Fier, Alexandr"]
[Result "0-1"]
[Board "5"]
[WhiteFideId "1034995"]
[BlackFideId "2107139"]
[WhiteTitle "FM"]
[BlackTitle "GM"]
[WhiteElo "2317"]
[BlackElo "2556"]
[WhiteTeam "NED"]
[BlackTeam "BRA"]
[WhiteClock "0:01:01"]
[BlackClock "0:48:54"]
[Variant "Standard"]

1. d4 {[%clk 1:28:07]}  Nf6 {[%clk 1:30:54]} 2. c4 {[%clk 1:28:29]}  e6 {[%clk 1:31:20]} 3. Nc3 {[%clk 1:28:53]}  Bb4 {[%clk 1:31:47]} 4. Qc2 {[%clk 1:29:11]}  O-O {[%clk 1:30:14]} 5. e4 {[%clk 1:28:55]}  d6 {[%clk 1:27:56]} 6. Bd2 {[%clk 1:19:41]}  e5 {[%clk 1:27:52]} 7. dxe5 {[%clk 1:17:37]}  dxe5 {[%clk 1:28:16]} 8. Nf3 {[%clk 1:09:22]}  Nc6 {[%clk 1:28:31]} 9. O-O-O {[%clk 1:05:21]}  Bxc3 {[%clk 1:27:05]} 10. Bxc3 {[%clk 1:05:32]}  Qe7 {[%clk 1:27:31]} 11. h3 {[%clk 1:01:25]}  a5 {[%clk 1:27:53]} 12. Kb1 {[%clk 0:54:27]}  Nd7 {[%clk 1:27:58]} 13. Be2 {[%clk 0:42:37]}  Nc5 {[%clk 1:28:10]} 14. g4 {[%clk 0:41:42]}  Nb4 {[%clk 1:28:06]} 15. Bxb4 {[%clk 0:39:24]}  axb4 {[%clk 1:28:32]} 16. Qd2 {[%clk 0:31:59]}  b6 {[%clk 1:23:10]} 17. Qxb4 {[%clk 0:26:51]}  Bb7 {[%clk 1:23:27]} 18. a3 {[%clk 0:22:39]}  Bxe4+ {[%clk 1:23:44]} 19. Ka2 {[%clk 0:23:02]}  Ra4 {[%clk 0:54:25]} 20. Qc3 {[%clk 0:22:00]}  Rfa8 {[%clk 0:53:27]} 21. Qe3 {[%clk 0:15:56]}  Bc2 {[%clk 0:52:18]} 22. Qxe5 {[%clk 0:13:54]}  Qf8 {[%clk 0:49:11]} 23. Nd4 {[%clk 0:13:26]}  Nd3 {[%clk 0:48:33]} 24. Rxd3 {[%clk 0:10:57]}  Bxd3 {[%clk 0:48:59]} 25. Bxd3 {[%clk 0:08:50]}  Rxa3+ {[%clk 0:49:24]} 26. Kb1 {[%clk 0:09:15]}  Ra1+ {[%clk 0:48:11]} 27. Kc2 {[%clk 0:09:39]}  Rxh1 {[%clk 0:48:39]} 28. Bxh7+ {[%clk 0:07:39]}  Kxh7 {[%clk 0:49:05]} 29. Qe4+ {[%clk 0:08:02]}  g6 {[%clk 0:49:33]} 30. Qxh1 {[%clk 0:08:27]}  Rd8 {[%clk 0:50:01]} 31. Qe4 {[%clk 0:07:29]}  Qd6 {[%clk 0:50:10]} 32. Nf3 {[%clk 0:04:26]}  Qd1+ {[%clk 0:50:35]} 33. Kc3 {[%clk 0:04:52]}  c5 {[%clk 0:51:02]} 34. Qe3 {[%clk 0:03:54]}  Kg8 {[%clk 0:50:39]} 35. h4 {[%clk 0:04:18]}  Qd7 {[%clk 0:47:37]} 36. g5 {[%clk 0:00:42]}  b5 {[%clk 0:47:51]} 37. cxb5 {[%clk 0:00:55]}  Qxb5 {[%clk 0:48:16]} 38. Ne5 {[%clk 0:00:47]}  Qb4+ {[%clk 0:47:58]} 39. Kc2 {[%clk 0:01:11]}  Qa4+ {[%clk 0:48:26]} 40. Kc3 {[%clk 0:00:49]}  Qb4+ {[%clk 0:47:54]} 41. Kc2 {[%clk 0:01:14]}  c4 {[%clk 0:48:20]} 42. Qf3 {[%clk 0:00:36]}  Qd2+ {[%clk 0:48:26]} 43. Kb1 {[%clk 0:01:01]}  Qe1+ {[%clk 0:48:54]} 0-1

[Event "Masters"]
[Site "Heerlen and Maastricht, NL"]
[Date "2025.06.07"]
[Round "6"]
[White "Braun, Christian"]
[Black "Fier, Alexandr"]
[Result "0-1"]
[Board "1"]
[WhiteFideId "4692098"]
[BlackFideId "2107139"]
[WhiteTitle "IM"]
[BlackTitle "GM"]
[WhiteElo "2390"]
[BlackElo "2556"]
[WhiteTeam "GER"]
[BlackTeam "BRA"]
[WhiteClock "0:42:49"]
[BlackClock "1:16:36"]
[Variant "Standard"]

1. Nf3 {[%clk 1:30:04]}  d5 {[%clk 1:30:55]} 2. b3 {[%clk 1:30:22]}  Bf5 {[%clk 1:31:16]} 3. Bb2 {[%clk 1:30:25]}  e6 {[%clk 1:31:40]} 4. g3 {[%clk 1:30:35]}  h6 {[%clk 1:32:05]} 5. Bg2 {[%clk 1:30:52]}  Nf6 {[%clk 1:32:32]} 6. c4 {[%clk 1:31:03]}  c6 {[%clk 1:32:58]} 7. O-O {[%clk 1:30:19]}  Be7 {[%clk 1:33:25]} 8. d3 {[%clk 1:29:14]}  O-O {[%clk 1:33:51]} 9. cxd5 {[%clk 1:27:36]}  exd5 {[%clk 1:34:07]} 10. Nbd2 {[%clk 1:26:38]}  Bh7 {[%clk 1:34:30]} 11. Nh4 {[%clk 1:26:15]}  Nbd7 {[%clk 1:34:12]} 12. Qc2 {[%clk 1:24:55]}  Re8 {[%clk 1:34:21]} 13. Rad1 {[%clk 1:23:06]}  a5 {[%clk 1:34:43]} 14. a3 {[%clk 1:22:10]}  Qb6 {[%clk 1:32:37]} 15. e4 {[%clk 1:19:27]}  Qb5 {[%clk 1:29:03]} 16. Rfe1 {[%clk 1:12:18]}  Qc5 {[%clk 1:25:08]} 17. Qb1 {[%clk 1:06:19]}  dxe4 {[%clk 1:23:51]} 18. Nxe4 {[%clk 1:02:44]}  Qb6 {[%clk 1:24:12]} 19. Qc2 {[%clk 1:02:20]}  Rad8 {[%clk 1:24:35]} 20. Nf3 {[%clk 1:02:13]}  Nxe4 {[%clk 1:24:13]} 21. dxe4 {[%clk 1:02:36]}  Nc5 {[%clk 1:24:40]} 22. Rxd8 {[%clk 1:00:02]}  Rxd8 {[%clk 1:24:38]} 23. Qc3 {[%clk 0:58:27]}  Bf6 {[%clk 1:22:53]} 24. e5 {[%clk 0:57:59]}  Nd3 {[%clk 1:23:14]} 25. Re3 {[%clk 0:54:46]}  Be7 {[%clk 1:22:30]} 26. Bf1 {[%clk 0:51:59]}  Nxb2 {[%clk 1:18:25]} 27. Qxb2 {[%clk 0:52:26]}  Qc5 {[%clk 1:18:48]} 28. a4 {[%clk 0:50:29]}  Rd1 {[%clk 1:18:35]} 29. Re1 {[%clk 0:50:35]}  Qd5 {[%clk 1:18:58]} 30. Rxd1 {[%clk 0:46:48]}  Qxd1 {[%clk 1:19:19]} 31. Qc3 {[%clk 0:47:11]}  Be4 {[%clk 1:17:06]} 32. Kg2 {[%clk 0:44:58]}  Bc5 {[%clk 1:16:10]} 33. e6 {[%clk 0:42:49]}  fxe6 {[%clk 1:16:36]} 0-1

[Event "Masters"]
[Site "Heerlen and Maastricht, NL"]
[Date "2025.06.07"]
[Round "6"]
[White "Vrolijk, Liam"]
[Black "Van Meegen, Ruud"]
[Result "1-0"]
[Board "2"]
[WhiteFideId "1048333"]
[BlackFideId "1034995"]
[WhiteTitle "GM"]
[BlackTitle "FM"]
[WhiteElo "2509"]
[BlackElo "2317"]
[WhiteTeam "NED"]
[BlackTeam "NED"]
[WhiteClock "0:04:41"]
[BlackClock "0:02:17"]
[Variant "Standard"]

1. e4 {[%clk 1:20:47]}  c6 {[%clk 1:30:43]} 2. d4 {[%clk 1:21:11]}  d5 {[%clk 1:31:07]} 3. exd5 {[%clk 1:21:35]}  cxd5 {[%clk 1:31:32]} 4. Bd3 {[%clk 1:22:00]}  Nc6 {[%clk 1:31:47]} 5. c3 {[%clk 1:22:20]}  Nf6 {[%clk 1:32:08]} 6. h3 {[%clk 1:21:59]}  e5 {[%clk 1:31:47]} 7. dxe5 {[%clk 1:21:54]}  Nxe5 {[%clk 1:32:10]} 8. Nf3 {[%clk 1:22:00]}  Nxd3+ {[%clk 1:32:14]} 9. Qxd3 {[%clk 1:22:23]}  Bd6 {[%clk 1:27:58]} 10. O-O {[%clk 1:21:41]}  O-O {[%clk 1:28:21]} 11. Bg5 {[%clk 1:20:57]}  h6 {[%clk 1:27:29]} 12. Bxf6 {[%clk 1:15:41]}  Qxf6 {[%clk 1:27:51]} 13. Nbd2 {[%clk 1:16:05]}  Bf5 {[%clk 1:11:16]} 14. Qxd5 {[%clk 1:08:21]}  Rad8 {[%clk 1:00:07]} 15. Ne4 {[%clk 1:01:43]}  Qg6 {[%clk 0:57:17]} 16. Nxd6 {[%clk 1:01:11]}  Rxd6 {[%clk 0:57:40]} 17. Qe5 {[%clk 1:00:46]}  Re6 {[%clk 0:55:08]} 18. Qg3 {[%clk 0:58:06]}  Re2 {[%clk 0:55:25]} 19. Qxg6 {[%clk 0:53:52]}  fxg6 {[%clk 0:50:30]} 20. b3 {[%clk 0:48:35]}  Rc2 {[%clk 0:40:17]} 21. c4 {[%clk 0:48:05]}  Rd8 {[%clk 0:39:43]} 22. Rfe1 {[%clk 0:44:49]}  g5 {[%clk 0:33:25]} 23. Re7 {[%clk 0:38:35]}  Rd7 {[%clk 0:31:23]} 24. Re3 {[%clk 0:27:45]}  Rb2 {[%clk 0:17:04]} 25. a3 {[%clk 0:16:51]}  a5 {[%clk 0:11:16]} 26. Rc1 {[%clk 0:13:39]}  Kh7 {[%clk 0:07:02]} 27. Re5 {[%clk 0:10:09]}  Bg6 {[%clk 0:06:48]} 28. Rc3 {[%clk 0:06:26]}  Rd1+ {[%clk 0:04:16]} 29. Re1 {[%clk 0:06:49]}  Rd6 {[%clk 0:03:20]} 30. c5 {[%clk 0:05:38]}  Rd5 {[%clk 0:03:32]} 31. Ne5 {[%clk 0:05:34]}  Rdd2 {[%clk 0:03:01]} 32. Nc4 {[%clk 0:05:28]}  Rdc2 {[%clk 0:02:26]} 33. Rf3 {[%clk 0:04:58]}  Ra2 {[%clk 0:02:09]} 34. a4 {[%clk 0:05:22]}  Re2 {[%clk 0:01:07]} 35. Rxe2 {[%clk 0:05:44]}  Rxe2 {[%clk 0:01:30]} 36. Nxa5 {[%clk 0:05:54]}  Rc2 {[%clk 0:00:52]} 37. Nxb7 {[%clk 0:03:57]}  Be4 {[%clk 0:01:06]} 38. Rf7 {[%clk 0:04:22]}  Bd5 {[%clk 0:01:23]} 39. Rd7 {[%clk 0:04:11]}  Bxb3 {[%clk 0:01:44]} 40. a5 {[%clk 0:04:30]}  Bc4 {[%clk 0:01:18]} 41. Nd6 {[%clk 0:03:34]}  Bd5 {[%clk 0:01:00]} 42. Ne8 {[%clk 0:03:18]}  Bc6 {[%clk 0:01:26]} 43. Rxg7+ {[%clk 0:03:32]}  Kh8 {[%clk 0:01:51]} 44. Re7 {[%clk 0:03:52]}  Bxe8 {[%clk 0:01:53]} 45. Rxe8+ {[%clk 0:04:17]}  Kg7 {[%clk 0:02:17]} 46. a6 {[%clk 0:04:41]} 1-0

[Event "Masters"]
[Site "Heerlen and Maastricht, NL"]
[Date "2025.06.07"]
[Round "6"]
[White "De Boer, Eelke"]
[Black "Zelbel, Patrick"]
[Result "1-0"]
[Board "3"]
[WhiteFideId "1048120"]
[BlackFideId "24624322"]
[WhiteTitle "IM"]
[BlackTitle "IM"]
[WhiteElo "2409"]
[BlackElo "2488"]
[WhiteTeam "NED"]
[BlackTeam "GER"]
[WhiteClock "0:01:21"]
[BlackClock "0:00:37"]
[Variant "Standard"]

1. e4 {[%clk 1:27:58]}  c5 {[%clk 1:30:10]} 2. Nf3 {[%clk 1:28:21]}  Nc6 {[%clk 1:30:32]} 3. Bb5 {[%clk 1:28:43]}  e6 {[%clk 1:30:42]} 4. Bxc6 {[%clk 1:28:59]}  bxc6 {[%clk 1:31:10]} 5. b3 {[%clk 1:29:18]}  f6 {[%clk 1:30:53]} 6. d3 {[%clk 1:24:21]}  Ne7 {[%clk 1:29:53]} 7. Nh4 {[%clk 1:24:24]}  d5 {[%clk 1:29:58]} 8. f4 {[%clk 1:21:49]}  dxe4 {[%clk 1:24:47]} 9. dxe4 {[%clk 1:22:06]}  Qd4 {[%clk 1:25:07]} 10. Qxd4 {[%clk 1:09:16]}  cxd4 {[%clk 1:25:27]} 11. Nf3 {[%clk 1:09:37]}  c5 {[%clk 1:24:28]} 12. Ba3 {[%clk 1:09:52]}  Nc6 {[%clk 1:15:01]} 13. Nbd2 {[%clk 1:08:52]}  Ba6 {[%clk 0:59:16]} 14. e5 {[%clk 1:08:55]}  O-O-O {[%clk 0:54:06]} 15. exf6 {[%clk 0:44:24]}  gxf6 {[%clk 0:53:50]} 16. O-O-O {[%clk 0:44:38]}  Rd5 {[%clk 0:26:25]} 17. Rhe1 {[%clk 0:36:34]}  Kd7 {[%clk 0:26:49]} 18. Ne4 {[%clk 0:36:44]}  Be7 {[%clk 0:26:34]} 19. c4 {[%clk 0:34:38]}  dxc3 {[%clk 0:19:08]} 20. Rxd5+ {[%clk 0:24:14]}  exd5 {[%clk 0:19:36]} 21. Nxc3 {[%clk 0:24:35]}  d4 {[%clk 0:16:18]} 22. Nd5 {[%clk 0:24:43]}  Rc8 {[%clk 0:14:09]} 23. Kd2 {[%clk 0:23:47]}  Bb7 {[%clk 0:12:58]} 24. Rc1 {[%clk 0:11:00]}  Bd6 {[%clk 0:09:49]} 25. Bxc5 {[%clk 0:09:08]}  Ke6 {[%clk 0:09:59]} 26. Bxd6 {[%clk 0:07:51]}  Kxd5 {[%clk 0:10:18]} 27. Ba3 {[%clk 0:07:12]}  Ke4 {[%clk 0:10:06]} 28. Re1+ {[%clk 0:01:33]}  Kxf4 {[%clk 0:07:33]} 29. Re6 {[%clk 0:02:01]}  Kf5 {[%clk 0:05:23]} 30. Rd6 {[%clk 0:02:30]}  Rg8 {[%clk 0:02:36]} 31. g3 {[%clk 0:02:26]}  Rg4 {[%clk 0:02:41]} 32. Bc5 {[%clk 0:02:20]}  Re4 {[%clk 0:01:10]} 33. Nxd4+ {[%clk 0:02:04]}  Nxd4 {[%clk 0:00:39]} 34. Bxd4 {[%clk 0:02:33]}  a6 {[%clk 0:00:47]} 35. Rxf6+ {[%clk 0:02:56]}  Kg5 {[%clk 0:01:00]} 36. Rd6 {[%clk 0:03:14]}  Bc8 {[%clk 0:00:47]} 37. Be3+ {[%clk 0:03:19]}  Kg4 {[%clk 0:00:49]} 38. Rf6 {[%clk 0:01:52]}  Re7 {[%clk 0:00:54]} 39. Ke2 {[%clk 0:01:08]}  Kh3 {[%clk 0:00:59]} 40. Kf2 {[%clk 0:01:02]}  h5 {[%clk 0:01:02]} 41. Rh6 {[%clk 0:00:47]}  Re5 {[%clk 0:01:06]} 42. Rc6 {[%clk 0:00:51]}  Re8 {[%clk 0:00:51]} 43. Rh6 {[%clk 0:00:38]}  Re5 {[%clk 0:01:19]} 44. Bf4 {[%clk 0:00:41]}  Rc5 {[%clk 0:01:20]} 45. Ke3 {[%clk 0:00:52]}  a5 {[%clk 0:00:41]} 46. Kd4 {[%clk 0:01:21]}  Rb5 {[%clk 0:00:33]} 47. Rc6 {[%clk 0:00:42]}  Bg4 {[%clk 0:00:31]} 48. Rc5 {[%clk 0:00:56]}  Rb4+ {[%clk 0:00:38]} 49. Kc3 {[%clk 0:01:24]}  Kxh2 {[%clk 0:00:35]} 50. Rxa5 {[%clk 0:01:49]}  Re4 {[%clk 0:00:59]} 51. Bc7 {[%clk 0:01:34]}  Kg2 {[%clk 0:00:33]} 52. Rb5 {[%clk 0:00:38]}  Re1 {[%clk 0:00:39]} 53. Bb8 {[%clk 0:00:46]}  Rc1+ {[%clk 0:00:33]} 54. Kb2 {[%clk 0:00:48]}  Rc8 {[%clk 0:00:53]} 55. a4 {[%clk 0:01:04]}  Be2 {[%clk 0:01:17]} 56. Rb6 {[%clk 0:01:24]}  Kf3 {[%clk 0:01:08]} 57. a5 {[%clk 0:01:21]}  Ke4 {[%clk 0:01:10]} 58. Re6+ {[%clk 0:00:55]}  Kd3 {[%clk 0:01:01]} 59. Rd6+ {[%clk 0:01:15]}  Ke3 {[%clk 0:01:10]} 60. Re6+ {[%clk 0:01:43]}  Kd3 {[%clk 0:01:30]} 61. Bf4 {[%clk 0:02:03]}  Bg4 {[%clk 0:01:14]} 62. Rb6 {[%clk 0:00:56]}  Ra8 {[%clk 0:01:17]} 63. Rb5 {[%clk 0:00:58]}  Ke4 {[%clk 0:00:57]} 64. Bc7 {[%clk 0:01:07]}  Kd4 {[%clk 0:00:33]} 65. Ka3 {[%clk 0:00:43]}  Be2 {[%clk 0:00:43]} 66. Rg5 {[%clk 0:00:38]}  Kc3 {[%clk 0:00:39]} 67. Rc5 {[%clk 0:00:44]}  Kd4 {[%clk 0:01:07]} 68. Bb6 {[%clk 0:00:46]}  Ke4 {[%clk 0:01:35]} 69. Kb4 {[%clk 0:00:41]}  Rb8 {[%clk 0:00:54]} 70. Kc3 {[%clk 0:00:59]}  Rf8 {[%clk 0:01:08]} 71. Bc7 {[%clk 0:00:52]}  Bd1 {[%clk 0:00:31]} 72. Re5+ {[%clk 0:00:41]}  Kf3 {[%clk 0:01:00]} 73. Rd5 {[%clk 0:00:39]}  Ke2 {[%clk 0:01:13]} 74. b4 {[%clk 0:00:37]}  Rf3+ {[%clk 0:00:57]} 75. Kd4 {[%clk 0:00:57]}  Rb3 {[%clk 0:00:57]} 76. b5 {[%clk 0:01:05]}  Rb2 {[%clk 0:00:36]} 77. Kc5 {[%clk 0:00:58]}  Ba4 {[%clk 0:00:37]} 78. Kb6 {[%clk 0:01:21]} 1-0